Pandemic kinship : (Record no. 10155)

MARC details
000 -LEADER
fixed length control field 00666cam a2200205 4500
001 - CONTROL NUMBER
control field 8066
005 - DATE AND TIME OF LATEST TRANSACTION
control field 20250318145204.0
008 - FIXED-LENGTH DATA ELEMENTS--GENERAL INFORMATION
fixed length control field 961003s1997 enka b 001 0 eng
010 ## - LIBRARY OF CONGRESS CONTROL NUMBER
LC control number 96045158
020 ## - INTERNATIONAL STANDARD BOOK NUMBER
International Standard Book Number 978100150224
082 00 - DEWEY DECIMAL CLASSIFICATION NUMBER
Classification number 693.9 REE
100 1# - MAIN ENTRY--PERSONAL NAME
Personal name Reece, Koreen M.
Dates associated with a name 2022.
245 10 - TITLE STATEMENT
Title Pandemic kinship :
Remainder of title families, intervention, and social change in Botswana's time of AIDS /
Statement of responsibility, etc. Reece, Koreen M.
260 ## - PUBLICATION, DISTRIBUTION, ETC.
Place of publication, distribution, etc. London ;
Name of publisher, distributor, etc. Cambridge University Press,
Date of publication, distribution, etc. 2022.
300 ## - PHYSICAL DESCRIPTION
Extent xiv, 308 p. :
Other physical details ill. ;
Dimensions 28 cm.
504 ## - BIBLIOGRAPHY, ETC. NOTE
Bibliography, etc. note Includes bibliographical references (p. [186]-195) and index.
650 #0 - SUBJECT ADDED ENTRY--TOPICAL TERM
Topical term or geographic name entry element Kinship.
662 ## - SUBJECT ADDED ENTRY--HIERARCHICAL PLACE NAME
Source of heading or term Pandemic.
942 ## - ADDED ENTRY ELEMENTS (KOHA)
Source of classification or shelving scheme Dewey Decimal Classification
Koha item type BookAid International
Holdings
Withdrawn status Lost status Source of classification or shelving scheme Damaged status Not for loan Collection code Home library Current library Shelving location Date acquired Inventory number Full call number Barcode Date last seen Price effective from Koha item type
    Dewey Decimal Classification     Main TEST RTC Library RTC Library Main opac 18/03/2025 19173 693.9 REE c1 30020335 18/03/2025 18/03/2025 BookAid International
    Dewey Decimal Classification     Main TEST RTC Library RTC Library Main opac 18/03/2025 19172 693.9 REE c2 30020334 18/03/2025 18/03/2025 BookAid International
Royal Thimphu College || All Right Reserved